000 00596cam a22002053a 4500
001 40422
003 PGUSA
005 20140828083913.0
008 120804s2012||||xxu|||||s|||||000 | eng d
040 _aPGUSA
_beng
042 _adc
100 1 _aDondel Du Faouëdic, Noémie
245 1 0 _aVoyages loin de ma chambre t.2
_h[electronic resource] /
_cNoémie Dondel Du Faouëdic
260 _bProject Gutenberg,
_c2012
506 _aPublic domain in the USA.
516 _aElectronic text
830 0 _aProject Gutenberg
_v40422
856 4 0 _uhttp://www.gutenberg.org/ebooks/40422
942 _cEB
999 _c269675
_d269675